Sénateurs du 119e Congrès des États-Unis - Statistiques

Statistiques générales
  • Ce quiz a été pris 5 fois
  • Le résultat moyen est 51 sur 100
Statistiques - réponses
État Parti Sénateur % Correct
Vermont Indépendant Bernie Sanders
100%
Adam Schiff
80%
Californie Démocrate Alex Padilla
80%
Minnesota Démocrate Amy Klobuchar
80%
Indépendant Angus King
80%
New York Démocrate Chuck Schumer
80%
Cindy Hyde-Smith
80%
Massachusetts Démocrate Elizabeth Warren
80%
Michigan Démocrate Gary Peters
80%
John Kennedy
80%
Joni Ernst
80%
Katie Britt
80%
Kirsten Gillibrand
80%
Caroline du Sud Républicain Lindsey Graham
80%
Alaska Républicain Lisa Murkowski
80%
Arizona Démocrate Mark Kelly
80%
Tennessee Républicain Marsha Blackburn
80%
Kentucky Républicain Mitch McConnell
80%
Rand Paul
80%
Raphael Warnock
80%
Floride Républicain Rick Scott
80%
Ruben Gallego
80%
Maine Républicain Susan Collins
80%
Tim Scott
80%
Alabama Républicain Tommy Tuberville
80%
Angela Alsobrooks
60%
Chris Murphy
60%
Iowa Républicain Chuck Grassley
60%
New Jersey Démocrate Cory Booker
60%
Dan Sullivan
60%
Illinois Démocrate Dick Durbin
60%
Elissa Slotkin
60%
New Hampshire Démocrate Jeanne Shaheen
60%
Jim Justice
60%
Texas Républicain John Cornyn
60%
Pennsylvanie Démocrate John Fetterman
60%
Dakota du Sud Républicain John Thune
60%
Géorgie Démocrate Jon Ossoff
60%
Missouri Républicain Josh Hawley
60%
Maggie Hassan
60%
Virginie Démocrate Mark Warner
60%
Utah Républicain Mike Lee
60%
Démocrate Peter Welch
60%
Tammy Duckworth
60%
Ted Cruz
60%
Caroline du Nord Républicain Thom Tillis
60%
Tim Kaine
60%
Tina Smith
60%
Tom Cotton
60%
Andy Kim
40%
Ashley Moody
40%
Ben Ray Luján
40%
Ohio Républicain Bernie Moreno
40%
Louisiane Républicain Bill Cassidy
40%
Nevada Démocrate Catherine Cortez Masto
40%
Delaware Démocrate Chris Coons
40%
Maryland Démocrate Chris Van Hollen
40%
Républicain Dave McCormick
40%
Ed Markey
40%
Eric Schmitt
40%
Rhode Island Démocrate Jack Reed
40%
Jacky Rosen
40%
Jim Banks
40%
Jim Risch
40%
Arkansas Républicain John Boozman
40%
John Hickenlooper
40%
Lisa Blunt Rochester
40%
Nouveau Mexique Démocrate Martin Heinrich
40%
Mazie Hirono
40%
Colorado Démocrate Michael Bennet
40%
Idaho Républicain Mike Crapo
40%
Washington Démocrate Patty Murray
40%
Connecticut Démocrate Richard Blumenthal
40%
Roger Marshall
40%
Mississippi Républicain Roger Wicker
40%
Sheldon Whitehouse
40%
Montana Républicain Steve Daines
40%
Démocrate Tammy Baldwin
40%
Ted Budd
40%
Tim Sheehy
40%
Indiana Républicain Todd Young
40%
Bill Hagerty
20%
Hawai Démocrate Brian Schatz
20%
Cynthia Lummis
20%
Nebraska Républicain Deb Fischer
20%
Oklahoma Républicain James Lankford
20%
Jeff Merkley
20%
Kansas Républicain Jerry Moran
20%
Wyoming Républicain John Barrasso
20%
John Curtis
20%
Dakota du Nord Républicain John Hoeven
20%
Jon Husted
20%
Kevin Cramer
20%
Maria Cantwell
20%
Markwayne Mullin
20%
Mike Rounds
20%
Pete Ricketts
20%
Wisconsin Républicain Ron Johnson
20%
Oregon Démocrate Ron Wyden
20%
Virginie-Occidentale Républicain Shelley Moore Capito
20%
Aucun quiz correspondant
Distribution des résultats
% des personnes avec chaque résultat
Percentile par nombre de réponses
Votre historique - résultats
Vous n’avez pas pris ce quiz